Loreto College Library, Kolkata
WEBOPAC (ONLINE PUBLIC ACCESS CATALOGUE)

The complete Greek tragedies (Record no. 5868)

MARC details
000 -LEADER
fixed length control field 00682nam a2200181Ia 4500
008 - FIXED-LENGTH DATA ELEMENTS--GENERAL INFORMATION
fixed length control field 131103s9999 xx 000 0 und d
040 ## - CATALOGING SOURCE
Original cataloging agency Loreto College
041 ## - LANGUAGE CODE
Language code English
082 ## - DDC | ডিউই
Classification number | বর্গসংখ্যা 882.01/SOP
Book Number | গ্রন্থাঙ্ক #NAME?
245 #4 - TITLE STATEMENT | অাখ্যা বিবরণী
Title | অাখ্যা The complete Greek tragedies
Sub title | উপঅাখ্যা Sophocles
Statement of responsibility | লেখকের দায়িত্বের বিবরণ edited by David Grene and Richmond Lattimore
260 ## - IMPRINT | প্রকাশনা ক্ষেত্র
Place of publication | প্রকাশ স্থান Chicago
Name of publisher | প্রকাশকের নাম The University Of Chicago Press
Date of publication | প্রকাশ কাল 1957
300 ## - PHYSICAL DESCRIPTION |
Page / Vol. No | পৃষ্ঠা / খন্ড সংখ্যা 254 p.
504 ## - BIBLIOGRAPHY, ETC. NOTE
Bibliography, etc Ajax/translated by John Moore; The Women of Trachis/translated by Michael Jameson; Electra/translated by David Grene;Philoctetes/translated by David Grene
650 ## - SUBJECT ADDED ENTRY--TOPICAL TERM | বিষয় শিরোনাম - মূল বিষয়
Topical term | মূল বিষয় Sophocles,4496 -406 B.C.
700 ## - ADDED ENTRY--PERSONAL NAME | অতিরিক্ত সংলেখ - ব্
Personal name | ব্যাক্তিনাম Grene,David,ed.
850 ## - HOLDING INSTITUTION
Holding institution LCLIB
942 ## - ADDED ENTRY ELEMENTS (KOHA)
Koha item type Books
Holdings
Withdrawn status Lost status Damaged status Not for loan Home library Current library Date acquired Total Checkouts Full call number Accession No. Date last seen Price effective from Koha item type
        Loreto College Loreto College 04/11/2013   882.01/SOP B5735 04/11/2013 04/11/2013 Books